Top 10 Biggest Nordic Cities - Statistics

General Stats
  • This quiz has been taken 524 times
    362 since last reset
  • The average score is 8 of 10
Answer Stats
Country Population City % Correct
Denmark 1,320,629 Copenhagen
99%
Sweden 1,611,776 Stockholm
99%
Norway 1,036,059 Oslo
98%
Finland 1,305,893 Helsinki
97%
Sweden 339,313 Malmo
85%
Sweden 582,508 Gothenburg
84%
Norway 259,958 Bergen
76%
Denmark 282,910 Aarhus
65%
Finland 334,112 Tampere
52%
Finland 272,230 Turku
52%
No matching quizzes found
Score Distribution
Percent of People with Each Score
Percentile by Number Answered
Your Score History
You have not taken this quiz since the last reset